<?xml version="1.0" encoding="UTF-8"?>
<record
    xmlns:xsi="http://www.w3.org/2001/XMLSchema-instance"
    xsi:schemaLocation="http://www.loc.gov/MARC21/slim http://www.loc.gov/standards/marcxml/schema/MARC21slim.xsd"
    xmlns="http://www.loc.gov/MARC21/slim">

  <leader>01233nam a2200253 a 4500</leader>
  <controlfield tag="001">74339</controlfield>
  <controlfield tag="003">BD-RjUL</controlfield>
  <controlfield tag="005">20211209082535.0</controlfield>
  <controlfield tag="008">180722s2010    b  a|||| |||| 000 0 ben d</controlfield>
  <datafield tag="020" ind1=" " ind2=" ">
    <subfield code="a">20180722105810.0</subfield>
    <subfield code="c">Tk.60.00</subfield>
  </datafield>
  <datafield tag="035" ind1=" " ind2=" ">
    <subfield code="a">(BD-RjUL)74557</subfield>
  </datafield>
  <datafield tag="040" ind1=" " ind2=" ">
    <subfield code="a">BD-RjUL</subfield>
    <subfield code="b">eng</subfield>
    <subfield code="c">BD-RjUL</subfield>
  </datafield>
  <datafield tag="041" ind1=" " ind2=" ">
    <subfield code="a">ben</subfield>
  </datafield>
  <datafield tag="082" ind1=" " ind2=" ">
    <subfield code="2">23</subfield>
    <subfield code="a">297</subfield>
    <subfield code="b">HUL</subfield>
  </datafield>
  <datafield tag="100" ind1="1" ind2=" ">
    <subfield code="a">&#x9B9;&#x9C1;&#x9A6;&#x9BE;, &#x9B8;&#x9BE;&#x987;&#x9AF;&#x9BC;&#x9CD;&#x9AF;&#x9C7;&#x9A6; &#x9B9;&#x9BE;&#x9AE;&#x9BF;&#x9A6; &#x986;&#x9B2;&#x9BE;&#x9AE;&#x9C1;&#x9B2;</subfield>
    <subfield code="9">221823</subfield>
  </datafield>
  <datafield tag="245" ind1="1" ind2="0">
    <subfield code="a">&#x9B2;&#x9A4;&#x9BE;-&#x997;&#x9C1;&#x9B2;&#x9CD;&#x9AE;, &#x9AB;&#x9C1;&#x9B2; &#x993; &#x9AB;&#x9B2; /</subfield>
    <subfield code="c">&#x9B8;&#x9BE;&#x987;&#x9AF;&#x9BC;&#x9CD;&#x9AF;&#x9C7;&#x9A6; &#x9B9;&#x9BE;&#x9AE;&#x9BF;&#x9A6; &#x986;&#x9B2;&#x9BE;&#x9AE;&#x9C1;&#x9B2; &#x9B9;&#x9C1;&#x9A6;&#x9BE; ; &#x985;&#x9A8;&#x9C1;&#x9AC;&#x9BE;&#x9A6; , &#x9AE;&#x9CB;&#x983; &#x9AE;&#x9BE;&#x988;&#x9A8;&#x989;&#x9A6;&#x9CD;&#x9A6;&#x9BF;&#x9A8;</subfield>
  </datafield>
  <datafield tag="260" ind1=" " ind2=" ">
    <subfield code="a">&#x9A2;&#x9BE;&#x995;&#x9BE; &#x983;</subfield>
    <subfield code="b">&#x995;&#x9BE;&#x9B2;&#x99A;&#x9BE;&#x9B0;&#x9BE;&#x9B2; &#x995;&#x9BE;&#x989;&#x9A8;&#x9CD;&#x9B8;&#x9C7;&#x9B2; ,</subfield>
    <subfield code="c">&#x9E8;&#x9E6;&#x9E7;&#x9E6;</subfield>
  </datafield>
  <datafield tag="300" ind1=" " ind2=" ">
    <subfield code="a">&#x9E9;&#x9E8; &#x9AA;&#x9C3;. :</subfield>
    <subfield code="b">&#x99A;&#x9BF;&#x9A4;&#x9CD;&#x9B0; ; </subfield>
    <subfield code="c">&#x9E8;&#x9E7; &#x9B8;&#x9C7;&#x9AE;&#x9BF;.</subfield>
  </datafield>
  <datafield tag="490" ind1=" " ind2=" ">
    <subfield code="a">&#x995;&#x9BF;&#x9B6;&#x9CB;&#x9B0; &#x9B8;&#x9BF;&#x9B0;&#x9BF;&#x99C; : &#x995;&#x9CB;&#x9B0;&#x9BE;&#x9A8;&#x9C7;&#x9B0; &#x9B8;&#x9BE;&#x9A5;&#x9C7;</subfield>
  </datafield>
  <datafield tag="650" ind1=" " ind2=" ">
    <subfield code="a">&#x9B6;&#x9BF;&#x9B6;&#x9C1;&#x9A6;&#x9C7;&#x9B0; &#x987;&#x9B8;&#x9B2;&#x9BE;&#x9AE;&#x9BF;&#x995; &#x9A7;&#x9B0;&#x9CD;&#x9AE;&#x9C0;&#x9AF;&#x9BC; &#x9B6;&#x9BF;&#x995;&#x9CD;&#x9B7;&#x9BE; </subfield>
    <subfield code="9">192546</subfield>
    <subfield code="v">&#x995;&#x9BF;&#x9B6;&#x9CB;&#x9B0; &#x9B8;&#x9BE;&#x9B9;&#x9BF;&#x9A4;&#x9CD;&#x9AF; |</subfield>
  </datafield>
  <datafield tag="650" ind1=" " ind2=" ">
    <subfield code="a"> Islamic religious education of children </subfield>
    <subfield code="9">221824</subfield>
    <subfield code="v">Juvenile literature</subfield>
  </datafield>
  <datafield tag="700" ind1=" " ind2=" ">
    <subfield code="a">&#x9AE;&#x9BE;&#x988;&#x9A8;&#x989;&#x9A6;&#x9CD;&#x9A6;&#x9BF;&#x9A8;, &#x9AE;&#x9CB;&#x983; </subfield>
    <subfield code="9">221825</subfield>
  </datafield>
  <datafield tag="942" ind1=" " ind2=" ">
    <subfield code="2">ddc</subfield>
    <subfield code="c">BK</subfield>
  </datafield>
  <datafield tag="999" ind1=" " ind2=" ">
    <subfield code="c">74339</subfield>
    <subfield code="d">74339</subfield>
  </datafield>
  <datafield tag="952" ind1=" " ind2=" ">
    <subfield code="0">0</subfield>
    <subfield code="1">0</subfield>
    <subfield code="2">ddc</subfield>
    <subfield code="4">0</subfield>
    <subfield code="7">1</subfield>
    <subfield code="8">NFIC</subfield>
    <subfield code="a">RUCL</subfield>
    <subfield code="b">RUCL</subfield>
    <subfield code="c">Reading</subfield>
    <subfield code="d">2018-07-15</subfield>
    <subfield code="e">Imbassy of Iran  Dhaka</subfield>
    <subfield code="g">60.00</subfield>
    <subfield code="l">0</subfield>
    <subfield code="o">B 297 HUL</subfield>
    <subfield code="r">2018-07-22 00:00:00</subfield>
    <subfield code="t">C-1</subfield>
    <subfield code="w">2018-07-22</subfield>
    <subfield code="y">BK</subfield>
  </datafield>
</record>
